000 00283nam a2200121Ia 4500
100 _aWeiss/Mark Allen
250 _a2
942 _cBK
654 _adatastructures
245 _aDatastructures and algorithm Analysis in C++
260 _bPearson Education
_c1999
546 _aENGLISH
999 _c19329
_d19329